<?xml version="1.0" encoding="UTF-8"?><?xml-stylesheet type="text/xsl" href="static/style.xsl"?><OAI-PMH xmlns="http://www.openarchives.org/OAI/2.0/" xmlns:xsi="http://www.w3.org/2001/XMLSchema-instance" xsi:schemaLocation="http://www.openarchives.org/OAI/2.0/ http://www.openarchives.org/OAI/2.0/OAI-PMH.xsd"><responseDate>2026-04-14T04:17:24Z</responseDate><request verb="GetRecord" identifier="oai:www.recercat.cat:20.500.14226/520" metadataPrefix="marc">https://recercat.cat/oai/request</request><GetRecord><record><header><identifier>oai:recercat.cat:20.500.14226/520</identifier><datestamp>2026-01-15T12:14:07Z</datestamp><setSpec>com_2072_482492</setSpec><setSpec>com_2072_482491</setSpec><setSpec>com_2072_5211</setSpec><setSpec>col_2072_482497</setSpec></header><metadata><record xmlns="http://www.loc.gov/MARC21/slim" xmlns:dcterms="http://purl.org/dc/terms/" xmlns:xsi="http://www.w3.org/2001/XMLSchema-instance" xmlns:doc="http://www.lyncode.com/xoai" xsi:schemaLocation="http://www.loc.gov/MARC21/slim http://www.loc.gov/standards/marcxml/schema/MARC21slim.xsd">
   <leader>00925njm 22002777a 4500</leader>
   <datafield ind2=" " ind1=" " tag="042">
      <subfield code="a">dc</subfield>
   </datafield>
   <datafield ind2=" " ind1=" " tag="720">
      <subfield code="a">Siles, Alexa</subfield>
      <subfield code="e">author</subfield>
   </datafield>
   <datafield ind2=" " ind1=" " tag="720">
      <subfield code="a">Sancho, Cristina</subfield>
      <subfield code="e">author</subfield>
   </datafield>
   <datafield ind2=" " ind1=" " tag="720">
      <subfield code="a">Luján, Dolors</subfield>
      <subfield code="e">author</subfield>
   </datafield>
   <datafield ind2=" " ind1=" " tag="720">
      <subfield code="a">Molina, Estefanía</subfield>
      <subfield code="e">author</subfield>
   </datafield>
   <datafield ind2=" " ind1=" " tag="720">
      <subfield code="a">Borràs, Isabel</subfield>
      <subfield code="e">author</subfield>
   </datafield>
   <datafield ind2=" " ind1=" " tag="720">
      <subfield code="a">Juárez, Josep Ramon</subfield>
      <subfield code="e">author</subfield>
   </datafield>
   <datafield ind2=" " ind1=" " tag="720">
      <subfield code="a">Casadellà, Marta</subfield>
      <subfield code="e">author</subfield>
   </datafield>
   <datafield ind2=" " ind1=" " tag="720">
      <subfield code="a">Bes, Montse</subfield>
      <subfield code="e">author</subfield>
   </datafield>
   <datafield ind2=" " ind1=" " tag="720">
      <subfield code="a">Bravo Correa, Montserrat</subfield>
      <subfield code="e">author</subfield>
   </datafield>
   <datafield ind2=" " ind1=" " tag="720">
      <subfield code="a">Farran, Montse</subfield>
      <subfield code="e">author</subfield>
   </datafield>
   <datafield ind2=" " ind1=" " tag="720">
      <subfield code="a">Tarsà, Montse</subfield>
      <subfield code="e">author</subfield>
   </datafield>
   <datafield ind2=" " ind1=" " tag="720">
      <subfield code="a">Canóniga Pizarro, Romina</subfield>
      <subfield code="e">author</subfield>
   </datafield>
   <datafield ind2=" " ind1=" " tag="720">
      <subfield code="a">Ramos, Rosa</subfield>
      <subfield code="e">author</subfield>
   </datafield>
   <datafield ind2=" " ind1=" " tag="720">
      <subfield code="a">Ruiz Bueno, Antoni</subfield>
      <subfield code="e">author</subfield>
   </datafield>
   <datafield ind2=" " ind1=" " tag="720">
      <subfield code="a">Roca Bertran, Mireia</subfield>
      <subfield code="e">author</subfield>
   </datafield>
   <datafield ind2=" " ind1=" " tag="260">
      <subfield code="c">2022-02</subfield>
   </datafield>
   <datafield ind2=" " ind1=" " tag="520">
      <subfield code="a">En el Debat a bat que ens ocupa, enfoquem la nostra mirada a les víctimes de violència sexual. 
Aquests delictes són una problemàtica social complexa que afecta diferents àrees de la 
persona i, per tant, la seva avaluació requereix del treball cooperatiu i col·laboratiu entre 
professionals de la psicologia i del treball social. Aquest treball interdisciplinari permet obtenir 
una visió més àmplia, tant del fet delictiu com de les característiques de la víctima, i així evitar
la reiteració d'intervencions i la victimització secundària, per tal de preservar i defensar els 
drets dels nens, nenes i adolescents (NNA) i de les víctimes vulnerables; per això, és important 
dur a terme una intervenció adaptada, proporcional i coordinada (Sotoca et al., 2013).
Així mateix, el fet de tenir en compte el vessant psicosocial ens permet donar una resposta 
més completa a l'òrgan judicial que ha sol·licitat la intervenció dels nostres equips.
Gràcies a aquesta interdisciplinarietat, és possible aplicar tota la potència exploratòria dels 
equips, la qual cosa permet avaluar totes aquelles àrees que han demostrat la seva vàlua en 
l’obtenció d’indicadors per donar una explicació molt més holística del fenomen estudiat. A 
mode d’exemple, en casos de delictes de violències sexuals, en els quals el relat és pobre o 
inexistent, és molt important aquesta interdisciplinarietat, atès que permet obtenir una 
informació més contextualitzada, la qual, per tant, serà més pertinent per als òrgans judicials. 
S’ha de tenir en compte que el document que presentem a continuació, parteix del treball 
interdisciplinari dels Equips d’Assessorament Tècnic Penal (EATP), els quals intervenen d'acord 
amb el Programa marc de la Direcció General d’Execució Penal a la Comunitat i Justícia Juvenil.</subfield>
   </datafield>
   <datafield ind1="8" ind2=" " tag="024">
      <subfield code="a">https://hdl.handle.net/20.500.14226/520</subfield>
   </datafield>
   <datafield tag="653" ind2=" " ind1=" ">
      <subfield code="a">Violència de gènere</subfield>
   </datafield>
   <datafield tag="653" ind2=" " ind1=" ">
      <subfield code="a">Violència domèstica</subfield>
   </datafield>
   <datafield tag="653" ind2=" " ind1=" ">
      <subfield code="a">Violència masclista</subfield>
   </datafield>
   <datafield tag="653" ind2=" " ind1=" ">
      <subfield code="a">Víctimes</subfield>
   </datafield>
   <datafield tag="653" ind2=" " ind1=" ">
      <subfield code="a">Víctimes d'abús sexual</subfield>
   </datafield>
   <datafield tag="653" ind2=" " ind1=" ">
      <subfield code="a">Violència envers les dones</subfield>
   </datafield>
   <datafield tag="653" ind2=" " ind1=" ">
      <subfield code="a">Conducta operant</subfield>
   </datafield>
   <datafield tag="653" ind2=" " ind1=" ">
      <subfield code="a">Violència familiar</subfield>
   </datafield>
   <datafield tag="653" ind2=" " ind1=" ">
      <subfield code="a">Violència en els homes</subfield>
   </datafield>
   <datafield ind2="0" ind1="0" tag="245">
      <subfield code="a">Intervenció psicosocial en víctimes de violència sexual</subfield>
   </datafield>
</record></metadata></record></GetRecord></OAI-PMH>